Normal view MARC view
  • Maximiliano

Entry Nombre Personal

Number of records used in: 12

001 - NUMERO DE CONTROL

  • campo de control: 16421

003 - IDENTIFICADOR DE NUMERO DE CONTROL

  • campo de control: UPN

005 - FECHA Y HORA DE LA ÜLTIMA TRANSACCIÓN

  • campo de control: 20240410095034.0

008 - DATOS DE LONGITUD FIJA

  • campo de control de longitud fija: 240410n||acbnnaabn | aaa |d

035 ## - NUMERO DE CONTROL

  • Número de control: UPN10000016429

040 ## - FUENTE DE CATALOGACIÓN

  • Lenguaje de catalogación: spa
  • Agencia de transcripción: MX-MxUPN
  • Agencia original de catalogación: MX-MxUPN

046 ## - FECHAS CON CODIFICACIÓN ESPECIAL

  • Fecha de nacimiento: 18320706
  • Fecha de muerte: 18670619

100 0# - ENCABEZAMIENTO - NOMBRE PERSONAL

  • Nombre personal: Maximiliano
  • Títulos u otras palabras asociadas al nombre: Emperador de México
  • Fechas asociadas con el nombre: 1832-1867

370 ## - LUGAR ASOCIADO

  • Fuente del término: $naf
  • Place of birth: Schönbrunn (Vienna, Austria)
  • Place of death: Querétaro (Mexico)

374 ## - OCUPACIÓN

  • Fuente del término: $naf
  • Occupation: Líder de estado

400 0# - VEÁSE - NOMBRE DE PERSONA

  • Personal name: Maximiliano de Habsburgo,
  • Dates associated with a name: 1832-1867

400 0# - VEÁSE - NOMBRE DE PERSONA

  • Personal name: Maximiliano
  • Numeration: I,
  • Titles and other words associated with a name: Emperador de México,
  • Dates associated with a name: 1832-1867

670 ## - FUENTE EN LA QUE SE LOCALIZARON DATOS

  • Cita de la fuente: LC, 10 abril, 2024:
  • Información localizada: (Maximilian, Emperor of Mexico, 1832-1867)
  • Uniform Resource Identifier: https://lccn.loc.gov/n82011033

902 ## - CATALOGADOR

  • Catalogador: MCM/270910
  • Catalogador: MaríaRobles/100424